राजनर्तकी / (Record no. 114604)

MARC details
000 -LEADER
fixed length control field 00999nam a22002537a 4500
005 - DATE AND TIME OF LATEST TRANSACTION
control field 20170124103011.0
010 ## - LIBRARY OF CONGRESS CONTROL NUMBER
LC control number A-675600
020 ## - INTERNATIONAL STANDARD BOOK NUMBER
Terms of availability 75.00
035 ## - SYSTEM CONTROL NUMBER
System control number A-675600
037 ## - SOURCE OF ACQUISITION
Source of stock number/acquisition Cen Lib/Ret
040 ## - CATALOGING SOURCE
Original cataloging agency DPL
Language of cataloging HN
082 ## - DEWEY DECIMAL CLASSIFICATION NUMBER
Classification number
Item number थपलि
100 ## - MAIN ENTRY--PERSONAL NAME
Personal name थपलिया, हरिप्रसाद
9 (RLIN) 57517
245 ## - TITLE STATEMENT
Title राजनर्तकी /
Statement of responsibility, etc हरिप्रसाद थपलिया
246 ## - VARYING FORM OF TITLE
Title proper/short title Rajnartaki /
Remainder of title by Hariprasad Thapliya
260 ## - PUBLICATION, DISTRIBUTION, ETC. (IMPRINT)
Place of publication, distribution, etc दिल्ली
Name of publisher, distributor, etc साहित्य निधि
Date of publication, distribution, etc 1994
270 ## - ADDRESS
Address 29/59-ए, गली न. 11, विश्वास नगर, शाहदरा
City दिल्ली
Postal code 110032
300 ## - PHYSICAL DESCRIPTION
Extent 141पृ.
Dimensions 20सेमी(सजिल्द )
650 ## - SUBJECT ADDED ENTRY--TOPICAL TERM
Topical term or geographic name as entry element हिंदी साहित्य
General subdivision
Geographic subdivision
9 (RLIN) 57518
650 ## - SUBJECT ADDED ENTRY--TOPICAL TERM
Topical term or geographic name as entry element हिंदी उपन्यास
9 (RLIN) 57519
650 ## - SUBJECT ADDED ENTRY--TOPICAL TERM
Topical term or geographic name as entry element Hindi literature
Form subdivision
9 (RLIN) 57520
650 ## - SUBJECT ADDED ENTRY--TOPICAL TERM
Topical term or geographic name as entry element Hindi fiction
9 (RLIN) 27248
942 ## - ADDED ENTRY ELEMENTS (KOHA)
Source of classification or shelving scheme Dewey Decimal Classification
Koha item type Hindi Books
Classification part
Call number suffix थपलि
Holdings
Withdrawn status Lost status Damaged status Not for loan Home library Current library Date acquired Source of acquisition Cost, normal purchase price Total Checkouts Full call number Barcode Date last seen Copy number Cost, replacement price Price effective from Koha item type
        Central Library Central Library 18/08/2015 Cen Lib/Ret 75.00   उ थपलि A-675600 18/08/2015 1 75.00 18/08/2015 Hindi Books

© Delhi Public Library
Hit Counter
free hit counter